00651nam a2200157Ia 4500008004100000100002500041245012000066245006700186260005300253260000900306300001000315650001500325856006100340999001900401952007300420170221s9999 xx 000 0 und d aLyudmila V. Shkvarya aGeo-economic Factors of an Intensification Development of Laos in Association of Southeast Asian Nation Conditions  cLyudmila V. Shkvarya, Andrey V. Strygin, Vasilij I. Rusakovich bInternational Review of Management and Marketing c2012 a7 : 1 xMarketing. uhttp://www.econjournals.com/index.php/irmm/issue/view/86 c313968d313968 001040aCLbCLd2017-02-21l0r2017-02-21 00:00:00w2017-02-21yFOJ